000 00323nam a2200145Ia 4500
003 OSt
005 20240320114419.0
008 170523s9999 xx 000 0 und d
020 _a978-1108402712
040 _ciimtu meerut
100 _aSOMANATHAN
245 0 _aDERIVATIES
260 _bTATA MC GRAW HILL
942 _2ddc
_c02
999 _c1674
_d1674